Statistics for Famous People Named Fred

Click here to take the quiz!

General Stats

  • This quiz has been taken 836 times
    (734 since last reset)
  • The average score is 10 of 20

Answer Stats

ClueFamous Fred% Correct
Lead singer of QueenFreddie Mercury
99%
Yabba, dabba, doo!Fred Flintstone
85%
Danced with Ginger RogersFred Astaire
79%
Haunts the dreams
of Elm Street children
Freddy Krueger
78%
Real-estate developer who was
the father of the 45th U.S. president
Fred Trump
73%
Philisopher who said "God is dead"Friedrich Nietzsche
65%
Marx's partnerFriedrich Engels
58%
One of Ron's twin brothersFred Weasley
57%
King of Prussia, 1740–1786Frederick the Great
49%
Won't you be his neighbor?Fred Rogers
47%
"Red-bearded" Holy Roman Emperor
for whom the Nazis' "operation" to
invade the Soviet Union was named
Frederick Barbarossa
43%
Limp Bizkit lead singerFred Durst
40%
"What to the slave is the 4th of July?"Frederick Douglass
37%
Producer of "Tom and Jerry",
not the mayor of Springfield
Fred Quimby
36%
"Blue Ribbon" beer makerFrederick Pabst
35%
"Minute Waltz" composerFrédéric Chopin
34%
Kevin from "The Wonder Years"Fred Savage
34%
"La Dolce Vita" directorFederico Fellini
33%
Last Apartheid-era
South African president
F. W. de Klerk
32%
British serial killer who murdered
12 people with his wife, Rose
Fred West
29%

Score Distribution

Percentile by Number Answered

Percent of People with Each Score

Your Score History

You have not taken this quiz since the last reset